000
00307nam a22001337a 4500
003
SGT
020
_a
8175963646
082
_a
080
_b
T06P
100
_a
PAUL, T.V.
245
_a
THE INDIA PAKISTAN CONFLICT ENDURING RIVALARY
260
_b
CAMBRIDGE UNIVERSITY PRESS
_c
2006
300
_a
273
942
_2
ddc
_c
BK
999
_c
31490
_d
31490